00456nam a2200157Ia 450000500170000000800410001708200130005810000180007124500220008926000360011130000130014750000180016094200060017895200990018499900150028320250402221254.0240331s9999 xx 000 0 und d bSIVa894 aSivalingam, M 0aMalaigalin makkal aColombobKurunji Veliyiduc1991 a140 p ., aShort Stories cL 001040708LaWERCLbWERCLcSSCd2024-03-31l0o 894.811 SIVp5137r2024-03-31w2024-03-31yL c3809d3809